00494nam a2200157 a 45000010005000000030005000050050017000100080041000270200015000680400020000831000021001032450135001242600043002593000019003026000015003215907CDMR20131010155200.0130220s2006||||||||||||||||||||||||||||d a8497344111 aCDMRbcatcCDMR1 aFebrés, Xavier14aLes preguntes pendents de Josep Plab: actualitat, polèmiques i revelacions als 25 anys de la mort de l'homenotcXavier Febrés aBarcelonabL'esfera dels llibresc2006 a267 p ;c17 cm1 aPla, Josep